000 01033nam a22002297a 4500
999 _c7492
_d7492
003 AR-CdUCM
008 190320b ||||| |||| 00| 0 spa d
040 _aMUNICIPALIDAD PROVINCIAL DEL CUSCO
_cBIBLIOTECA MUNICIPAL DEL CUSCO
082 _a302.2 /
_bAL41
100 _aAlfaro Moreno, Rosa María
_921134
245 _aOtra brújula :
_binnovaciones en comunicación y desarrollo /
260 _aLima :
_bAsociación de Comunicadores Sociales Calandria,
_c2006.
300 _a318 páginas ;
_c21 cm.
505 _aContenido: Sentidos y ubicaciones de la comunicación en el desarrollo -- Aprendizajes desde la práctica -- Latinoamérica diversa y creativa ...
650 _aComunicación - Perú
_921135
650 _aComunicación en el desarrollo comunitario - Perú.
_921136
650 _aDesarrollo y cambio - Perú
_921137
650 _aMedios de comunicación de masas - Aspectos sociales - Perú
_921138
710 _aAsociación de Comunicadores Sociales Calandria
_921139
942 _2ddc
_cLIBROS
945 _alccs